000 00778nas a2200265 4500
001 BR8902625
003 BR-BrBNA
005 20231205091548.0
007 ta
008 230509b bl.|||p| |||| 00| 00por d
040 _aBR-BrBNA
_bpor
_cBiblioteca Nacional de Agricultura
041 _a(Pt)
072 _aL02
100 1 _aCorrea, H.
245 1 _aRaspa de mandioca em nivel de fazenda
650 _aMANDIOCA
650 _aRASPA
650 _aCOMPOSICAO QUIMICA
650 _aPRODUTOR
650 _aFAZENDA
650 _aNUTRICAO ANIMAL
773 0 _tInforme Agropecuario - Empresa de Pesquisa Agropecuaria de Minas Gerais (Brazil)
_xISSN 0100-3364
_g(Jan 1987), v. 13(145) p. 58-60
_wBR8902625
909 _a202311
_bLúcia
_c55
_dLúcia Elande
942 _2AGRIS
_n0
_cANA
999 _c125888
_d125888